NBA Players by Letter - W - Statistics

General Stats
  • This quiz has been taken 16 times
  • The average score is 9 of 33
Answer Stats
Team Answer % Correct
Celtics Grant Williams
62%
Wizards Johnathan Williams
62%
Wizards John Wall
62%
Pelicans Kenrich Williams
62%
Clippers Lou Williams
62%
Bucks Marvin Williams
62%
Celtics Robert Williams III
62%
Rockets Russell Westbrook
62%
Bulls Coby White
38%
Spurs Derrick White
38%
Bucks D.J. Wilson
38%
Pelicans Zion Williamson
38%
Cavaliers Dean Wade
31%
Trail Blazers Hassan Whiteside
23%
Raptors Paul Watson
23%
Hornets P.J. Washington
23%
Pacers T.J. Warren
23%
Warriors Andrew Wiggins
15%
Mavericks Delon Wright
15%
Celtics Kemba Walker
15%
Spurs Lonnie Walker IV
15%
Celtics Tremont Waters
15%
Celtics Brad Wanamaker
8%
Pistons Christian Wood
8%
Lakers Dion Waiters
8%
Grizzlies Justice Winslow
8%
Jazz Justin Wright-Foreman
8%
Jazz Nigel Williams-Goss
8%
Cavaliers Dylan Windler
0%
Knicks Kenny Wooten
0%
Wizards Moritz Wagner
0%
Spurs Quinndary Weatherspoon
0%
Grizzlies Yuta Watanabe
0%
No matching quizzes found
Score Distribution
Percent of People with Each Score
Percentile by Number Answered
Your Score History
You have not taken this quiz